Prognózovanie cestovného ruchu na Slovensku - možné prístupy a perspektívy

Prehľad možných prístupov k prognózovaniu cestovného ruchu, možných metód a postupov tvorby prognóz a zhodnotenie vhodnosti použitia daných metód pri prognózovaní cestovného ruchu na Slovensku. Postupnosť krokov pri tvorbe prognóz CR v prípade použitia kvantitatívnych (objektívnych) metód (využívajú...

Descrizione completa

Salvato in:
Dettagli Bibliografici
Autore principale: Litomerický, Juraj
Natura: Capitolo di libro
Lingua:slovacco
Soggetti:
Tags: Aggiungi Tag
Nessun Tag, puoi essere il primo ad aggiungerne!!

MARC

LEADER 00000naa$a2200000$$$4500
001 0011713
005 20221104094906.5
041 0 |a slo 
044 |a SK 
245 1 0 |a Prognózovanie cestovného ruchu na Slovensku - možné prístupy a perspektívy  |c aut. Juraj Litomerický 
520 |a Prehľad možných prístupov k prognózovaniu cestovného ruchu, možných metód a postupov tvorby prognóz a zhodnotenie vhodnosti použitia daných metód pri prognózovaní cestovného ruchu na Slovensku. Postupnosť krokov pri tvorbe prognóz CR v prípade použitia kvantitatívnych (objektívnych) metód (využívajú časové rady a ich analýzu). Postupnosť krokov pro tvorbe prognóz rozvoja CR pri použití kvalitatívnych (subjektívnych) metód. 
610 2 0 |a ruch cestovný 
610 2 0 |a prognózovanie 
610 2 0 |a Slovensko 
610 2 0 |a prognózy 
610 2 0 |a metodika 
100 1 |a Litomerický, Juraj